Understanding schools and schooling

Saved in:
Bibliografiske detaljer
Hovedforfatter: CHITTY, Clyde
Format: Bog
Sprog:engelsk
Udgivet: Routledge Falmer 2002
Tags: Tilføj Tag
Ingen Tags, Vær først til at tagge denne postø!

MARC

LEADER 00000nam a22000007a 4500
008 211027b ||||| |||| 00| 0 eng d
020 |a 9780415238793 
100 |a CHITTY, Clyde 
245 |a Understanding schools and schooling  |c Clyde Chitty  |g XIV, 178p. 
260 |b Routledge Falmer  |c 2002  |h London  |i 539104  |l LA 634 .C44  |m Education, Secondary --- Great Britain -- History -- 20th century  |m Education and State --- Great Britain --- History -- 20th century 
500 |a It includes bibliographical references and index 
942 |a lcc  |c BK  |e Adeyeye Y. S.  |f 27/10/21 
952 |0 0  |1 0  |2 lcc  |4 0  |6 LA0634 C44  |7 0  |9 3702  |a HOL  |b HOL  |c LP  |d 2021-10-27  |l 0  |o LA 634 .C44  |p 2021-67437  |r 2021-10-27 00:00:00  |w 2021-10-27  |y BK 
999 |c 1842  |d 1842